| 000 | 00841nas a2200265 4500 | ||
|---|---|---|---|
| 001 | BR0806910 | ||
| 003 | BR-BrBNA | ||
| 005 | 20231205112504.0 | ||
| 007 | ta | ||
| 008 | 230509b bl.|||p| |||| 00| 00por d | ||
| 040 |
_aBR-BrBNA _bpor _cBiblioteca Nacional de Agricultura |
||
| 041 | _a(Pt) | ||
| 072 | _aP06 | ||
| 100 | 1 | _aRivaldi, J.D. | |
| 100 | 1 | _aSarroub, B.F. | |
| 100 | 1 | _aFiorilo, R. | |
| 100 | 1 | _aSilva, S.S. da | |
| 245 | 1 | _aGlicerol de biodiesel; estratégias biotecnológicas para o aproveitamento do glicerol gerado da produção de biodiesel | |
| 650 | _aOLEO DIESEL | ||
| 650 | _aFERMENTAÇÃO | ||
| 650 | _aBIOGAS | ||
| 773 | 0 |
_tBiotecnologia, Ciência e Desenvolvimento (Brazil) _xISSN 1414-6347 _g(2007-2008), v. 10(37) p. 44-51 _wBR0806910 |
|
| 909 |
_a202311 _bLúcia _c55 _dLúcia Elande |
||
| 942 |
_2AGRIS _n0 _cANA |
||
| 999 |
_c198326 _d198326 |
||